[Event "Syre Memorial op 35th"]
[Site "Issy les Moulineaux"]
[Date "2012.05.17"]
[Round "1"]
[White "Jamain, Florian"]
[Black "Nepomiachty, Alexandre"]
[Result "0-1"]
[WhiteElo "1887"]
[BlackElo "2082"]
[PlyCount "56"]
[EventDate "2012.05.17"]
[EventType "swiss"]
[EventRounds "6"]
[EventCountry "FRA"]
[SourceTitle "EXT 2015"]
[Source "ChessBase"]
[SourceDate "2014.11.20"]
[SourceVersion "1"]
[SourceVersionDate "2014.11.20"]
[SourceQuality "1"]

1. e4 c5 2. c3 d5 3. exd5 Qxd5 4. d4 e6 5. Nf3 Nf6 6. c4 Qd8 7. Nc3 Be7 8. Be2 0-0 9. Be3 Nbd7 10. Ne5 cxd4 11. Bxd4 Nxe5 12. Bxe5 Qa5 13. Bf4 Ne4 14. Bd2 Nxd2 15. Qxd2 Rd8 16. Qc2 Bd7 17. 0-0 Bc6 18. Bd3 Qh5 19. Be4 Rd4 20. Bxc6 bxc6 21. Ne2 Rh4 22. h3 g5 23. Rad1 Qh6 24. Rd7 Bc5 25. Ng3 g4 26. hxg4 Rxg4 27. Qd3 Qg5 28. b3 Rxg3 0-1

[Event "Issy les Moulineaux tt"]
[Site "Issy les Moulineaux"]
[Date "2008.10.19"]
[Round "1.1"]
[White "Nepomiachty, Alexandre"]
[Black "Bangnoi, Alexandre"]
[Result "1/2-1/2"]
[WhiteElo "2147"]
[BlackElo "2075"]
[PlyCount "63"]
[EventDate "2008.10.19"]
[EventType "team-tourn"]
[EventRounds "7"]
[EventCountry "FRA"]
[SourceTitle "EXT 2010"]
[Source "ChessBase"]
[SourceDate "2010.11.25"]
[SourceVersion "1"]
[SourceVersionDate "2010.11.25"]
[SourceQuality "1"]
[WhiteTeam "Issy les Moulineaux"]
[BlackTeam "Issy les Moulineaux II"]
[WhiteTeamCountry "FRA"]
[BlackTeamCountry "FRA"]

1. e4 c5 2. Nf3 d6 3. d4 cxd4 4. Nxd4 Nf6 5. Nc3 g6 6. Be3 Bg7 7. f3 Nc6 8. Bc4 0-0 9. Bb3 Bd7 10. Qd2 Rc8 11. h4 h5 12. 0-0-0 Ne5 13. Bh6 Nc4 14. Bxc4 Rxc4 15. Bxg7 Kxg7 16. Rhe1 Qa5 17. Nb3 Qa6 18. Kb1 Rfc8 19. Rc1 Qb6 20. Qe3 Qa6 21. g3 Be6 22. e5 Nd5 23. Nxd5 Bxd5 24. exd6 Qxd6 25. Red1 e6 26. f4 Qc7 27. Rd2 Ra4 28. f5 Rc4 29. fxe6 Bxe6 30. Nd4 Re8 31. Nxe6+ Rxe6 32. Qxa7 1/2-1/2

[Event "Syre Memorial op 19th"]
[Site "Issy les Moulineaux"]
[Date "1996.??.??"]
[Round "6"]
[White "Castaignet, Laurent"]
[Black "Nepomiachty, Alexandre"]
[Result "1/2-1/2"]
[WhiteElo "1950"]
[BlackElo "2195"]
[PlyCount "63"]
[EventDate "1996.05.??"]
[EventType "swiss"]
[EventRounds "6"]
[EventCountry "FRA"]
[SourceTitle "EXT 2005"]
[Source "ChessBase"]
[SourceDate "2004.11.15"]
[SourceVersion "1"]
[SourceVersionDate "2004.11.15"]
[SourceQuality "1"]

1. e4 c5 2. Nc3 Nc6 3. g3 g6 4. Bg2 Bg7 5. d3 d6 6. Nh3 e5 7. 0-0 h5 8. f4 h4 9. g4 exf4 10. Nxf4 h3 11. Bf3 Ne5 12. Nce2 Nxf3+ 13. Rxf3 Bxg4 14. Rg3 Bd7 15. c3 Nf6 16. Nd5 Nxd5 17. exd5 Bf5 18. Bg5 Bf6 19. Re3+ Kf8 20. Bf4 Bg5 21. Qf1 Rh4 22. Rg3 Bxf4 23. Nxf4 Qd7 24. Qf2 Rh7 25. Re1 Re8 26. Rxe8+ Kxe8 27. d4 b6 28. dxc5 bxc5 29. b4 cxb4 30. cxb4 Kf8 31. Ra3 Be4 32. Ne6+ 1/2-1/2

[Event "Syre Memorial op 19th"]
[Site "Issy les Moulineaux"]
[Date "1996.??.??"]
[Round "3"]
[White "Nepomiachty, Alexandre"]
[Black "Lebrun, Xavier"]
[Result "1/2-1/2"]
[WhiteElo "2195"]
[BlackElo "2050"]
[PlyCount "134"]
[EventDate "1996.05.??"]
[EventType "swiss"]
[EventRounds "6"]
[EventCountry "FRA"]
[SourceTitle "EXT 2005"]
[Source "ChessBase"]
[SourceDate "2004.11.15"]
[SourceVersion "1"]
[SourceVersionDate "2004.11.15"]
[SourceQuality "1"]

1. e4 e5 2. Nf3 Nc6 3. Bb5 a6 4. Ba4 Nf6 5. 0-0 Be7 6. Re1 b5 7. Bb3 d6 8. c3 0-0 9. h3 Bb7 10. d4 exd4 11. cxd4 d5 12. e5 Ne4 13. Nbd2 Na5 14. Bc2 f5 15. exf6 Bxf6 16. Nxe4 dxe4 17. Bxe4 Bxe4 18. Rxe4 c5 19. Rg4 Qd5 20. Qe1 Nc4 21. b3 Rfe8 22. Qf1 Nd6 23. Bb2 Ne4 24. Rd1 c4 25. bxc4 bxc4 26. Ne5 c3 27. Bc1 Rad8 28. Re1 Nd2 29. Qxa6 Bxe5 30. dxe5 Rxe5 31. Re3 Rxe3 32. fxe3 Qe5 33. Qa7 h5 34. Rf4 Re8 35. Kh2 Re7 36. Qd4 Qxe3 37. Qxe3 Rxe3 38. Rd4 Nf1+ 39. Kg1 Re1 40. Ba3 c2 41. Rd8+ Kh7 42. Rc8 h4 43. Kf2 Ra1 44. Rxc2 Ng3 45. Bc1 Nf5 46. Bf4 Kg6 47. Be5 Rb1 48. a4 Kf7 49. Rc7+ Ke6 50. Bxg7 Rb4 51. a5 Ra4 52. Bc3 Nd6 53. Be1 Kf5 54. Rc1 Ke4 55. Rb1 Ra2+ 56. Kf1 Nc4 57. Rb4 Kd3 58. Rb3+ Ke4 59. Rb4 Kd3 60. Bxh4 Ne3+ 61. Kg1 Rxg2+ 62. Kh1 Ra2 63. Bd8 Ke2 64. Bb6 Kf3 65. Bxe3 Kxe3 66. Rb5 Kf3 67. h4 Kg3 1/2-1/2

[Event "Paris op"]
[Site "Paris"]
[Date "1995.??.??"]
[Round "?"]
[White "Nepomiachty, Alexandre"]
[Black "Belkhodja, Slim"]
[Result "0-1"]
[WhiteElo "2215"]
[BlackElo "2365"]
[PlyCount "46"]
[EventDate "1995.04.??"]
[EventType "swiss"]
[EventRounds "9"]
[EventCountry "FRA"]
[SourceTitle "EXT 1997"]
[Source "ChessBase"]
[SourceDate "1996.11.15"]
[SourceVersion "1"]
[SourceVersionDate "1996.11.15"]
[SourceQuality "1"]

1. e4 c5 2. Nf3 Nc6 3. d4 cxd4 4. Nxd4 e5 5. Nb5 a6 6. Nd6+ Bxd6 7. Qxd6 Qf6 8. Qc7 Nge7 9. Nc3 0-0 10. Bd3 d5 11. 0-0 dxe4 12. Nxe4 Qg6 13. Nd6 f5 14. Nxc8 Raxc8 15. Qxb7 Kh8 16. Rd1 Qh5 17. Be3 e4 18. Bf1 f4 19. Bb6 Rb8 20. Qxa6 Rf6 21. Bc7 Rbf8 22. Bd6 Ne5 23. Qb5 Nf3+ 0-1

[Event "Syre Memorial op 16th"]
[Site "Issy les Moulineaux"]
[Date "1993.??.??"]
[Round "3"]
[White "Nepomiachty, Alexandre"]
[Black "Callet, Emmanuel"]
[Result "1-0"]
[WhiteElo "2215"]
[BlackElo "2010"]
[PlyCount "45"]
[EventDate "1993.05.??"]
[EventType "swiss"]
[EventRounds "6"]
[EventCountry "FRA"]
[SourceTitle "EXT 2004"]
[Source "ChessBase"]
[SourceDate "2003.11.25"]
[SourceVersion "1"]
[SourceVersionDate "2003.11.25"]
[SourceQuality "1"]

1. e4 c5 2. Nf3 Nc6 3. d4 cxd4 4. Nxd4 Nf6 5. Nc3 e6 6. Ndb5 Bb4 7. a3 Bxc3+ 8. Nxc3 d5 9. exd5 exd5 10. Bd3 0-0 11. 0-0 d4 12. Ne4 Nxe4 13. Bxe4 Re8 14. Re1 Be6 15. Bd2 Qd6 16. Qh5 h6 17. Bxh6 gxh6 18. Qxh6 Ne5 19. Bh7+ Kh8 20. Bd3+ Kg8 21. Qh7+ Kf8 22. Qh8+ Ke7 23. Qxe5 1-0

[Event "Paris-ch op"]
[Site "Paris"]
[Date "1993.??.??"]
[Round "8"]
[White "Nepomiachty, Alexandre"]
[Black "De Sousa, Jose Claude"]
[Result "0-1"]
[WhiteElo "2215"]
[BlackElo "2275"]
[PlyCount "80"]
[EventDate "1993.04.??"]
[EventType "swiss"]
[EventRounds "9"]
[EventCountry "FRA"]
[SourceTitle "TD"]
[Source "ChessBase"]
[SourceDate "1994.03.01"]
[SourceVersion "1"]
[SourceVersionDate "1994.03.01"]
[SourceQuality "1"]

1. e4 e6 2. d4 d5 3. Nc3 Bb4 4. e5 c5 5. a3 Bxc3+ 6. bxc3 Qa5 7. Bd2 cxd4 8. cxd4 Qa4 9. Nf3 b6 10. Bd3 Ba6 11. Qe2 Bxd3 12. Qxd3 Nc6 13. 0-0 Nge7 14. Rfd1 Rc8 15. Be1 h6 16. Qb3 Qc4 17. Qxc4 dxc4 18. Nd2 Nb8 19. Ne4 0-0 20. Nd6 Rc7 21. a4 a6 22. Rab1 Nd5 23. g3 Nd7 24. Rb2 f6 25. f4 fxe5 26. dxe5 g5 27. Bb4 gxf4 28. Ne4 Rf5 29. g4 Rxe5 30. Bd6 Rxe4 31. Bxc7 Nxc7 32. Rxd7 Nd5 33. Kf2 c3 34. Ra2 Rd4 35. Ra7 e5 36. Rxa6 e4 37. Ra8+ Kf7 38. a5 Rd2+ 39. Ke1 f3 40. axb6 f2+ 0-1

[Event "Paris-ch op"]
[Site "Paris"]
[Date "1991.??.??"]
[Round "1"]
[White "Nepomiachty, Alexandre"]
[Black "Chaplin, Erik"]
[Result "1-0"]
[WhiteElo "2150"]
[BlackElo "2265"]
[PlyCount "109"]
[EventDate "1991.05.??"]
[EventType "swiss"]
[EventRounds "9"]
[EventCountry "FRA"]
[SourceTitle "TD"]
[Source "ChessBase"]
[SourceDate "1994.03.01"]
[SourceVersion "1"]
[SourceVersionDate "1994.03.01"]
[SourceQuality "1"]

1. e4 Nc6 2. Nf3 e5 3. Bb5 Bc5 4. c3 Nf6 5. 0-0 0-0 6. d4 Bb6 7. Bg5 d6 8. Re1 Bd7 9. Na3 h6 10. Bh4 Re8 11. d5 Nb8 12. Bf1 a5 13. Nc4 Bc5 14. Bxf6 Qxf6 15. Ne3 b5 16. Rb1 Na6 17. Nd2 g6 18. b3 b4 19. cxb4 axb4 20. Ndc4 Bd4 21. Re2 Nc5 22. Nc2 Bc3 23. a4 bxa3 24. N2xa3 Reb8 25. Re3 Bd4 26. Rf3 Qh4 27. g3 Qxe4 28. Nd2 Qg4 29. Nac4 Ra2 30. Be2 Qg5 31. h4 Qe7 32. b4 Na4 33. Qb3 Rxd2 34. Nxd2 Bg4 35. Qxa4 Bxf3 36. Nxf3 Bb6 37. Qc2 e4 38. Ne1 Qe5 39. Kg2 Qxd5 40. Rd1 Qe5 41. Bc4 c6 42. Bb3 Rc8 43. b5 c5 44. Qc4 Rc7 45. Nc2 Ba5 46. Ne3 Rb7 47. Nd5 Kg7 48. Nf4 Re7 49. Nd5 Rb7 50. Bc2 f5 51. Bb3 g5 52. hxg5 hxg5 53. Ne3 Kg6 54. Rd5 Qe6 55. Nxf5 1-0